English Premier League Relegation - Statistics

General Stats
  • This quiz has been taken 24 times
  • The average score is 15 of 21
Answer Stats
Hint Answer % Correct
3 Sunderland
90%
2 Norwich City
86%
2 Wolverhampton Wanderers
86%
1 Ipswich Town
81%
1 Leicester City
81%
1 Huddersfield Town
76%
2 Sheffield United
76%
3 Southampton
76%
2 Watford
76%
1 Bradford City
71%
1 Crystal Palace
71%
1 Derby County
71%
2 West Bromwich Albion
71%
1 West Ham United
71%
1 Aston Villa
67%
1 Bolton Wanderers
67%
2 Queen's Park Rangers
67%
1 Cardiff City
57%
3 Nottingham Forest
57%
1 Portsmouth
57%
1 Swindon Town
57%
No matching quizzes found
Score Distribution
Percent of People with Each Score
Percentile by Number Answered
Your Score History
You have not taken this quiz